|
|
|
|
| LEADER |
01937nam a2200529 a 4500 |
| 001 |
nkc20091854217 |
| 003 |
CZ PrNK |
| 005 |
20090717091709.0 |
| 007 |
ta |
| 008 |
090203s2009 xr a g 000 jacze |
| 015 |
|
|
|a cnb001854217
|
| 020 |
|
|
|a 978-80-7405-037-4
|q (brož.)
|
| 035 |
|
|
|a (OCoLC)403644360
|
| 040 |
|
|
|a ABA001
|b cze
|d BOA001
|
| 043 |
|
|
|a e-cs---
|a e-xr---
|b e-xr-cc
|2 czenas
|
| 045 |
|
|
|a x4x8
|
| 072 |
|
7 |
|a 821.162.3-3
|x Česká próza
|2 Konspekt
|9 25
|
| 072 |
|
7 |
|a 929
|x Biografie
|2 Konspekt
|9 8
|
| 080 |
|
|
|a 821.162.3-32
|2 MRF
|
| 080 |
|
|
|a 351.746.1
|2 MRF
|
| 080 |
|
|
|a 355.457
|2 MRF
|
| 080 |
|
|
|a 929
|2 MRF
|
| 080 |
|
|
|a (437.31-13)
|2 MRF
|
| 080 |
|
|
|a (0:82-322.6)
|2 MRF
|
| 100 |
1 |
|
|a Dušek, Milan,
|d 1938-2024
|7 jk01023418
|4 aut
|
| 245 |
1 |
0 |
|a Stopy na druhou stranu /
|c Milan Dušek
|
| 250 |
|
|
|a Vyd. 2.
|
| 260 |
|
|
|a Ústí nad Orlicí :
|b Oftis,
|c 2009
|
| 300 |
|
|
|a 157 s. :
|b il. ;
|c 21 cm
|
| 610 |
1 |
7 |
|a Československo.
|b Pohraniční stráž
|7 ko2004260365
|2 czenas
|
| 648 |
|
7 |
|a 1948-1989
|7 ch460661
|2 czenas
|
| 650 |
0 |
7 |
|a pohraniční policie
|7 ph164197
|z Československo
|2 czenas
|
| 650 |
0 |
7 |
|a ochrana státní hranice
|7 ph139179
|z Československo
|2 czenas
|
| 650 |
0 |
9 |
|a border patrols
|z Czechoslovakia
|2 eczenas
|
| 650 |
0 |
9 |
|a defence of state boundary
|z Czechoslovakia
|2 eczenas
|
| 651 |
|
7 |
|a Šumava (pohoří : oblast)
|7 ge128618
|2 czenas
|
| 651 |
|
9 |
|a Šumava Region
|2 eczenas
|
| 655 |
|
7 |
|a české povídky
|7 fd133971
|2 czenas
|
| 655 |
|
7 |
|a biografické povídky
|7 fd131903
|2 czenas
|
| 655 |
|
9 |
|a Czech short stories
|2 eczenas
|
| 655 |
|
9 |
|a biographical short stories
|2 eczenas
|
| 856 |
4 |
1 |
|u http://www.digitalniknihovna.cz/mzk/uuid/uuid:65f3c100-cc6a-11e3-b110-005056827e51
|y Digitalizovaný dokument
|x NDK
|
| 910 |
2 |
|
|a BOA001
|b 2-1223.450
|
| 990 |
|
|
|a BK
|
| 995 |
|
|
|a 01
|
| 991 |
|
|
|b 200905
|
| 996 |
6 |
|
|b 2610375957
|c 2-1223.450
|l MZK
|r Sklad / do 1 hodiny
|n 3
|p p.v.
|w 000937595
|u 000010
|a 1
|e BOA001
|j MZK50
|s P
|